[Event "Challenge"]
[Site "http://www.queenalice.com/game.php?id=1453265"]
[Date "2016.12.3"]
[Round "-"]
[White "Mapelli"]
[Black "Candida80"]
[Result "0-1"]
[WhiteElo "1586"]
[BlackElo "1510"]

1. b3 a5 2. Bb2 e6 3. g3 Qf6 4. Bg2 Bc5 5. Bxf6 gxf6 6. Nc3 c6 7. Ne4 d6 8. e3
a4 9. Qg4 f5 10. Qg7 fxe4 11. Qxh8 Kf8 12. Bxe4 f5 13. Bf3 Nd7 14. Qxh7 Ndf6 15.
Qg6 Bd7 16. Bh5 Nxh5 17. Qxh5 axb3 18. cxb3 Nf6 19. Qg6 Ng8 20. h4 d5 21. h5 Ke7
22. Nf3 Kd6 23. h6 Ne7 24. Qf7 Be8 25. Qf6 Bg6 26. Ng5 Kc7 27. Qxe6 Re8 28. h7
Kd8 0-1

[Event "Challenge"]
[Site "http://www.queenalice.com/game.php?id=1457555"]
[Date "2017.1.2"]
[Round "-"]
[White "eduardocosta"]
[Black "Candida80"]
[Result "1-0"]
[WhiteElo "1713"]
[BlackElo "1468"]

1. e3 e6 2. Be2 g6 3. b3 f6 4. Bb2 a5 5. Nf3 b6 6. d4 d5 7. c4 Nc6 8. cxd5 exd5
9. Ba3 Bxa3 10. Nxa3 Ba6 11. Qc2 Nb4 12. Qd2 1-0

[Event "Challenge"]
[Site "http://www.queenalice.com/game.php?id=1457721"]
[Date "2017.1.3"]
[Round "-"]
[White "Candida80"]
[Black "Wigmont"]
[Result "1-0"]
[WhiteElo "1547"]
[BlackElo "1546"]

1. e3 d5 2. Be2 e5 3. Nf3 Nc6 4. d4 Bd6 5. h4 exd4 6. Nxd4 Ne5 7. f4 Nc4 8. Bxc4
dxc4 9. e4 Nf6 10. e5 Bb4+ 11. c3 Bc5 12. exf6 Qxf6 13. O-O Qg6 14. b4 Bh3 15.
Rf2 O-O-O 16. Kh2 Bg4 17. Qa4 Bxd4 18. Rd2 Qf6 19. cxd4 Rhe8 20. Qxa7 Qxf4+ 21.
g3 Re2+ 22. Rxe2 Qxc1 23. Re7 Qb2+ 24. Kg1 Qxd4+ 25. Qxd4 Rxd4 26. Nc3 b6 27.
Rxf7 Rd3 28. Rc1 Rxg3+ 29. Kf2 Rh3 30. Kg2 Rxh4 31. Rxg7 h5 32. Nd5 Be2 33. Kf2
Rh2+ 34. Ke1 b5 35. Nf4 Bf3 36. Rc3 Be4 37. Ra3 Kb7 38. Ne6 Kc6 39. Nxc7 Rg2 40.
Re7 Bc2 41. Ra5 c3 42. Nxb5 Rg3 43. Nd4+ Kd6 44. Re6+ Kd7 45. Ra7+ Kc8 46. Re8#
1-0

[Event "Challenge"]
[Site "http://www.queenalice.com/game.php?id=1465247"]
[Date "2017.2.18"]
[Round "-"]
[White "italomachado"]
[Black "Candida80"]
[Result "0-1"]
[WhiteElo "1610"]
[BlackElo "1548"]

1. e4 e5 2. Qf3 f6 3. Bc4 g6 4. Qb3 Nh6 5. d3 a5 6. Bxh6 Bxh6 7. Nc3 c6 8. Bf7+
Ke7 9. Na4 b5 10. Bc4 bxc4 11. Qxc4 f5 12. Kf1 Ba6 13. Qc5+ d6 14. Qa3 fxe4 15.
Re1 Nd7 16. Rxe4 Bb5 17. Nc3 Ke6 18. Qb3+ d5 19. Ke1 Qg5 20. Nf3 Qc1+ 21. Nd1
Nc5 22. Rxe5+ Kf7 23. Qc3 Na4 24. Qd4 Qxc2 25. g4 Bxd3 26. Re7+ Kxe7 27. Qe5+
Kf7 28. Qc7+ Kg8 29. Qe5 Rf8 30. Qe6+ Kg7 31. Qe5+ Rf6 32. g5 Bxg5 33. Nxg5 Kh6
34. Nh3 Rhf8 35. Qe3+ Kg7 36. f4 h6 37. Rf1 Bxf1 38. Qe7+ Kg8 39. Ne3 Qc1+ 40.
Nd1 Nxb2 41. Qa3 Qxd1+ 42. Kf2 Rb8 43. Qf3 Bxh3 44. Kg3 Be6 45. h4 h5 46. Qe3
Qg4+ 47. Kf2 Rxf4+ 48. Ke1 Qxh4+ 49. Kd2 Nc4+ 50. Kd3 Nxe3 51. Kxe3 Rb2 52. a4
Qg3# 0-1

[Event "Challenge"]
[Site "http://www.queenalice.com/game.php?id=1465248"]
[Date "2017.2.18"]
[Round "-"]
[White "italomachado"]
[Black "Candida80"]
[Result "0-1"]
[WhiteElo "1569"]
[BlackElo "1550"]

1. e4 e5 2. Nf3 f6 3. c3 d6 4. Qa4+ c6 5. Bb5 cxb5 6. Qxb5+ Qd7 7. Qd3 Qg4 8. g3
Qh3 9. Ng1 Qg2 10. Qf3 Qxf3 11. Nxf3 Bg4 12. Nh4 g5 13. Ng2 Bf3 14. O-O Na6 15.
Ne1 Bxe4 16. Na3 Nh6 17. Nc4 Nc5 18. b4 d5 19. Nd6+ Kd7 20. bxc5 Bxd6 21. cxd6
Kxd6 22. d3 Bf5 23. Rb1 b6 24. Nf3 Bxd3 25. Ba3+ Ke6 26. Rfe1 Rac8 27. Nd4+ Kd7
28. Nb5 Bxb5 29. Rxb5 Rxc3 30. Rxd5+ Ke6 31. Rd6+ Kf7 32. Rd7+ Kg6 33. Rxa7 Nf5
34. Bb2 Rc5 35. a4 Ne7 36. Rxe7 Rf8 37. g4 Rc2 38. Ba1 h5 39. gxh5+ Kxh5 40. f3
g4 41. fxg4+ Kh4 42. Re4 Ra2 43. Rh7+ Kg5 44. h4+ Kg6 45. Rh5 Rxa1+ 46. Kf2 Rc8
47. Re2 Rc4 48. Rh8 Rf4+ 49. Kg3 Ra3+ 50. Kg2 Rxg4+ 51. Kh2 Kg7 52. Rh5 Raxa4
53. Rg2 Kg6 54. Rh8 Kf5 55. Rf2+ Ke4 56. h5 Rh4+ 57. Kg3 Ke3 58. Rf3+ Ke2 59. h6
Rag4# 0-1

[Event "Challenge"]
[Site "http://www.queenalice.com/game.php?id=1465249"]
[Date "2017.2.18"]
[Round "-"]
[White "carlosufpe"]
[Black "Candida80"]
[Result "1-0"]
[WhiteElo "1575"]
[BlackElo "1566"]

1. d4 d5 2. e3 e6 3. Nf3 f6 4. Be2 c5 5. Bb5+ Bd7 6. Bxd7+ Kxd7 7. c3 Qa5 8.
dxc5 Qxc5 9. O-O Nh6 10. e4 Nc6 11. b3 Bd6 12. exd5 exd5 13. Nd4 Qa5 14. Bxh6
gxh6 15. Qg4+ Kc7 16. Qg7+ Be7 17. Nxc6 Kxc6 18. Qxe7 Rhg8 19. Qxf6+ Kc7 20.
Qxh6 Kb8 21. Qd6+ Kc8 22. Qe6+ Kc7 23. Qf7+ Kb6 24. Qxh7 Qc5 25. Qh6+ Ka5 26.
b4+ Qxb4 27. cxb4+ Kxb4 28. Qd6+ Kc4 29. Nd2+ Kd4 30. Nf3+ Kc4 31. Rfd1 Rad8 32.
Qf4+ Kc5 33. Rac1+ Kb6 34. Qb4+ Ka6 35. Rc7 b5 36. a4 Rb8 37. axb5+ Kb6 38. Qc5+
Ka5 39. Rxa7# 1-0

[Event "Challenge"]
[Site "http://www.queenalice.com/game.php?id=1465250"]
[Date "2017.2.18"]
[Round "-"]
[White "carlosufpe"]
[Black "Candida80"]
[Result "1-0"]
[WhiteElo "1576"]
[BlackElo "1563"]

1. d4 d5 2. c4 c6 3. cxd5 Qxd5 4. Nf3 f6 5. e3 Bg4 6. Nbd2 b5 7. Be2 e5 8. dxe5
Bxf3 9. Nxf3 fxe5 10. Qc2 h6 11. O-O Nf6 12. b3 e4 13. Nd2 h5 14. f3 Bb4 15.
Nxe4 Qe5 16. Bb2 Qe7 17. Nxf6+ gxf6 18. Qg6+ Kd7 19. Qf5+ Kc7 20. Qxf6 Qe8 21.
Qxh8 Kd7 22. Rfd1+ Bd6 23. Qxe8+ Kxe8 24. Rxd6 Nd7 25. Rh6 Kd8 26. Rh8+ Kc7 27.
Rxa8 Kb7 28. Rh8 Kb6 29. Rxh5 Nc5 30. Bd4 1-0

[Event "Challenge"]
[Site "http://www.queenalice.com/game.php?id=1467995"]
[Date "2017.3.8"]
[Round "-"]
[White "Wigmont"]
[Black "Candida80"]
[Result "1-0"]
[WhiteElo "1603"]
[BlackElo "1539"]

1. Nf3 e6 2. d4 d6 3. e4 Nf6 4. c3 Nxe4 5. Qc2 d5 6. b3 Nc6 7. Bd3 h6 8. O-O Nf6
9. Na3 Bxa3 10. Bxa3 a5 11. Rfe1 Ne7 12. Ne5 Nc6 13. Bg6 Nxe5 14. Rxe5 Ne4 15.
Bh5 g6 16. f3 Nf6 17. Bxg6 Rg8 18. Bh7 Rg7 19. Bf5 Rg5 20. c4 Rxf5 21. Rae1 Rh5
22. cxd5 Rxe5 23. dxe5 exd5 24. exf6+ Be6 25. Be7 Qd7 26. Qh7 Qc8 27. f4 a4 28.
b4 Kd7 29. f5 Qg8 30. Qxh6 Bxf5 31. Qd2 c6 32. Qf4 Qb8 33. Qxf5+ Kc7 34. Bc5 b6
35. Re7+ Kd8 36. Qd7# 1-0

[Event "OS INCLIVEIS"]
[Site "http://www.queenalice.com/game.php?id=1468295"]
[Date "2017.3.10"]
[Round "-"]
[White "adelio"]
[Black "Candida80"]
[Result "1-0"]
[WhiteElo "1687"]
[BlackElo "1549"]

1. d4 Nc6 2. d5 Ne5 3. f4 Nc4 4. e4 Nb6 5. c4 c5 6. dxc6 dxc6 7. Qxd8+ Kxd8 8.
Nf3 f6 9. Be2 e6 10. O-O Bc5+ 11. Kh1 Ne7 12. Nc3 Ng6 13. e5 Nxf4 14. Bxf4 g5
15. Nxg5 fxg5 16. Bxg5+ Kd7 17. Rad1+ Ke8 18. Bh5# 1-0

[Event "OS INCLIVES"]
[Site "http://www.queenalice.com/game.php?id=1468296"]
[Date "2017.3.10"]
[Round "-"]
[White "Candida80"]
[Black "adelio"]
[Result "0-1"]
[WhiteElo "1526"]
[BlackElo "1469"]

1. e3 d5 2. d4 a6 3. Nc3 e6 4. e4 Be7 5. e5 Nd7 6. h4 Bxh4 7. g3 Be7 8. f4 Nf8
9. Nf3 Ng6 10. a4 f6 11. Nh4 Nh6 12. Qd3 Nxh4 13. gxh4 f5 14. Bh3 Bxh4+ 15. Ke2
Ng4 16. Bxg4 fxg4 17. Be3 g6 18. Rag1 h5 19. Qxg6+ Kf8 20. Qf6+ Bxf6 21. exf6
Qxf6 22. Rxg4 hxg4 23. Rxh8+ Qxh8 24. Nd1 g3 25. Bg1 e5 26. fxe5 Bg4+ 27. Kd2
Bxd1 28. Be3 Bxc2 29. Kxc2 g2 30. Bg1 Qh1 31. Be3 Qh7+ 32. Kc3 Qh3 33. Kd3 g1=Q
0-1

[Event "Challenge"]
[Site "http://www.queenalice.com/game.php?id=1469272"]
[Date "2017.3.17"]
[Round "-"]
[White "Candida80"]
[Black "Luke1416"]
[Result "0-1"]
[WhiteElo "1567"]
[BlackElo "1516"]

1. e3 e5 2. Qf3 d6 3. d4 exd4 4. Qe4+ Be7 5. Qxd4 Nc6 6. Qg4 Bxg4 7. a3 Nf6 8.
f3 Be6 9. Bb5 Bd7 10. Bxc6 Bxc6 11. Nc3 a6 12. e4 Qd7 13. Bg5 h6 14. Bxf6 Bxf6
15. Nge2 O-O-O 16. O-O-O Bxc3 17. bxc3 f5 18. Nd4 fxe4 19. f4 Ba4 0-1

[Event "Challenge"]
[Site "http://www.queenalice.com/game.php?id=1473206"]
[Date "2017.4.13"]
[Round "-"]
[White "adelio"]
[Black "Candida80"]
[Result "1-0"]
[WhiteElo "1596"]
[BlackElo "1480"]

1. d4 d6 2. c4 Bf5 3. Nc3 c6 4. e4 Be6 5. Nf3 Bg4 6. h3 Bxf3 7. Qxf3 f6 8. Bd3
e5 9. Be3 Qb6 10. Na4 Qa5+ 11. Nc3 b5 12. O-O g6 13. Ne2 Ne7 14. Qxf6 Rg8 15.
Qxd6 Nd7 16. b4 Qd8 17. Qe6 a5 18. f4 Bh6 19. dxe5 axb4 20. cxb5 c5 21. Rad1 Nf8
22. Qd6 Nc8 23. Qxc5 Qd7 24. Qxb4 Ne6 25. b6 Rb8 26. Bb5 Bf8 27. Bxd7+ Kf7 28.
Bxe6+ Kxe6 29. Qb3+ Ke7 30. Bc5+ Nd6 31. Rxd6 Bh6 32. Rxg6+ Kd7 33. Rd1+ Kc8 34.
Rxh6 Rh8 35. Qe6+ Kb7 36. Rd7+ Ka6 37. b7+ Kb5 38. Qb6+ Ka4 39. Qa6# 1-0

[Event "Challenge"]
[Site "http://www.queenalice.com/game.php?id=1473207"]
[Date "2017.4.13"]
[Round "-"]
[White "adelio"]
[Black "Candida80"]
[Result "1-0"]
[WhiteElo "1484"]
[BlackElo "1496"]

1. d4 d6 2. c4 Nf6 3. Nc3 Nc6 4. e4 Bg4 5. f3 Bd7 6. g4 g5 7. Bxg5 Bg7 8. Bxf6
Bxf6 9. h4 Bxd4 10. Nge2 Bxc3+ 11. Nxc3 Ne5 12. Nd5 c6 13. Be2 Be6 14. f4 Ng6
15. f5 Ne5 16. Nxe7 Qxe7 17. fxe6 fxe6 18. Rc1 a5 19. g5 O-O-O 20. Rf1 b5 21.
cxb5 c5 22. a3 Kb8 23. Qa4 Qa7 24. Rf6 c4 25. Rxe6 Qf7 26. Rxe5 Rhf8 27. Rf5 Qe7
28. Rxc4 Qg7 29. Rc2 Rfe8 30. Qxa5 Qd4 31. Kf1 Qxe4 32. Qb6+ Ka8 33. Bf3 Qxf3+
34. Rxf3 d5 35. Rf7 Re1+ 36. Kxe1 1-0

[Event "Rookster"]
[Site "http://www.queenalice.com/game.php?id=1476827"]
[Date "2017.5.5"]
[Round "-"]
[White "Wigmont"]
[Black "Candida80"]
[Result "1-0"]
[WhiteElo "1607"]
[BlackElo "1508"]

1. e4 e5 2. d3 Nc6 3. c3 d6 4. Nf3 Bg4 5. Be2 Bxf3 6. Bxf3 Nh6 7. b4 f6 8. Be3
Nf7 9. c4 Nxb4 10. Nc3 b6 11. Qa4+ Qd7 12. Qxb4 a5 13. Qb3 a4 14. Qd1 c6 15.
Nxa4 Rb8 16. O-O Qb7 17. Rb1 b5 18. cxb5 c5 19. d4 exd4 20. e5 Qe7 21. Bd2 Nd8
22. Re1 fxe5 23. Bc6+ Nxc6 24. bxc6 Rc8 25. Qf3 Qh4 26. Rb7 Be7 27. Nb6 Rxc6 28.
Qxc6+ Kf7 29. Qd5+ Kf6 30. Nd7+ Kg6 31. g3 Qg4 32. Nxe5+ dxe5 33. Rb6+ Kh5 34.
Rxe5+ g5 35. Qf7# 1-0

[Event "Challenge"]
[Site "http://www.queenalice.com/game.php?id=1482755"]
[Date "2017.6.18"]
[Round "-"]
[White "carlosufpe"]
[Black "Candida80"]
[Result "1-0"]
[WhiteElo "1698"]
[BlackElo "1493"]

1. d4 d5 2. e3 h5 3. Nf3 f6 4. c4 e6 5. cxd5 a5 6. Nh4 Ne7 7. dxe6 Bxe6 8. Bb5+
c6 9. Bd3 g5 10. Nf3 g4 11. Nfd2 b5 12. Nc3 a4 13. Nce4 Nf5 14. Nc5 Bxc5 15.
dxc5 Nh4 16. g3 Bd5 17. O-O Bf3 18. Nxf3 Nxf3+ 19. Kg2 Ne5 20. Be2 O-O 21. Qxd8
Rxd8 22. b4 a3 23. f4 Nc4 24. Bxc4+ Kf8 25. e4 bxc4 26. Be3 Rd3 27. Bf2 Nd7 28.
Rfd1 Re8 29. Rxd3 cxd3 30. Rd1 Ke7 31. Rxd3 Rb8 32. Rd6 Rxb4 33. Rxc6 Rb2 34.
Rc7 Kd8 35. Ra7 Nxc5 36. Ra5 Nb7 37. Rxh5 Nd6 38. Rd5 Kc7 39. e5 fxe5 40. Rxe5
Rxa2 41. Ra5 Ne4 42. Kf1 Ra1+ 43. Ke2 Nc3+ 44. Kd3 Nd1 45. Bd4 Ra2 46. Bc5 Kc6
47. Rxa3 Rxh2 48. Ra1 Nf2+ 49. Bxf2 Rxf2 50. Rg1 Kd5 51. Ke3 Ra2 52. Rd1+ Ke6
53. Rd2 Ra3+ 54. Rd3 Ra1 55. Ke4 Ra4+ 56. Rd4 Ra1 57. Rd3 Rh1 58. Re3 Rh8 59.
f5+ Kf6 60. Kf4 Rg8 61. Re6+ Kg7 62. Rg6+ Kf8 63. Rxg8+ Kxg8 64. Kxg4 Kf7 65.
Kg5 Kf8 66. Kg6 1-0

[Event "Challenge"]
[Site "http://www.queenalice.com/game.php?id=1482756"]
[Date "2017.6.18"]
[Round "-"]
[White "carlosufpe"]
[Black "Candida80"]
[Result "0-1"]
[WhiteElo "1705"]
[BlackElo "1468"]

1. d4 d6 2. e3 h5 3. Be2 b6 4. Bf3 c6 5. g3 Qc7 6. Ne2 e5 7. dxe5 dxe5 8. O-O
Bc5 9. a3 a5 10. Nbc3 Nf6 11. Ne4 Nxe4 12. Bxe4 Bg4 13. f3 Bh3 14. Re1 O-O 15.
c3 Nd7 16. Bd2 b5 17. b4 Be7 18. f4 axb4 19. cxb4 Bg4 20. Kf2 Nf6 21. Qc2 Rac8
22. Ng1 c5 23. Rec1 c4 24. Bf3 Bxf3 25. Nxf3 e4 26. Nd4 Ng4+ 27. Kg2 Bf6 28. h3
Nh6 29. Bc3 Bxd4 30. Bxd4 Nf5 31. Be5 Nxe3+ 32. Kh2 Nxc2 33. Bxc7 Ne3 34. Bb6
Rb8 35. Bxe3 Rbd8 36. h4 f6 37. a4 Rd3 38. Bc5 Rb8 39. axb5 Kh7 40. Rxc4 Rxb5
41. Ra5 Rb7 42. Rxe4 f5 43. Re7 Rd2+ 44. Kg1 Rb8 45. Raa7 Rg8 46. b5 Kh8 47. b6
Rd1+ 48. Kg2 Rgd8 49. Rxg7 R8d2+ 50. Kh3 Rh1# 0-1

[Event "Challenge"]
[Site "http://www.queenalice.com/game.php?id=1482757"]
[Date "2017.6.18"]
[Round "-"]
[White "Mapelli"]
[Black "Candida80"]
[Result "0-1"]
[WhiteElo "1472"]
[BlackElo "1469"]

1. b3 d6 2. Bb2 Nf6 3. g3 c6 4. Bg2 Qb6 5. e3 Nbd7 6. Ne2 a5 7. Bd4 c5 8. Bb2 a4
9. Na3 g6 10. h4 Ne5 11. f4 Neg4 12. c4 Bd7 13. Nc3 Bh6 14. Nd5 Nxd5 15. Bxh8
Bc6 16. O-O Ndf6 17. Bf3 Bxf3 18. Qxf3 Qb4 19. Nc2 Qxd2 20. Rac1 Qh2# 0-1

[Event "Challenge"]
[Site "http://www.queenalice.com/game.php?id=1482758"]
[Date "2017.6.18"]
[Round "-"]
[White "Mapelli"]
[Black "Candida80"]
[Result "1-0"]
[WhiteElo "1454"]
[BlackElo "1485"]

1. b3 d6 2. Bb2 Nc6 3. g3 f6 4. Bg2 g6 5. e3 a5 6. Ne2 a4 7. c4 axb3 8. Qxb3 Na5
9. Qb5+ c6 10. Qb4 c5 11. Qa4+ Bd7 12. Qc2 Qb6 13. O-O Qb4 14. Bd5 e6 15. Be4
Nxc4 16. Bc3 Qb5 17. a3 f5 18. Bxh8 O-O-O 19. Nbc3 Qa6 20. Rab1 Bc6 21. Bxc6
Nxa3 22. Bxb7+ Kc7 23. Nb5+ Qxb5 24. Qa2 Nxb1 25. Rxb1 Qd7 26. Qa5+ Kb8 27. Ba8+
Kc8 28. Qa6+ 1-0

[Event "CanDooDa"]
[Site "http://www.queenalice.com/game.php?id=1489875"]
[Date "2017.8.12"]
[Round "-"]
[White "Candida80"]
[Black "Wigmont"]
[Result "0-1"]
[WhiteElo "1485"]
[BlackElo "1581"]

1. e3 e5 2. e4 Nf6 3. g4 Bc5 4. Nf3 Nxg4 5. d4 Bb6 6. h4 d6 7. c3 c5 8. Nh2 Nxf2
9. Qf3 Qxh4 10. Qxf2 Qxe4+ 11. Be3 O-O 12. Rg1 Nc6 13. Qg3 g6 14. Nd2 Qf5 15.
Bh3 Qc2 16. Bxc8 Raxc8 17. Nhf3 Rfe8 18. Ng5 Qxb2 19. Nb3 exd4 20. cxd4 cxd4 21.
Rg2 Qc3+ 22. Kd1 dxe3 23. Ke2 Nd4+ 24. Kf1 Nxb3 25. Re1 Nd2+ 26. Ke2 Qc4+ 27.
Kd1 e2+ 28. Kxd2 Qc2# 0-1

[Event "Challenge"]
[Site "http://www.queenalice.com/game.php?id=1536609"]
[Date "2018.7.28"]
[Round "-"]
[White "Mapelli"]
[Black "Candida80"]
[Result "1-0"]
[WhiteElo "1514"]
[BlackElo "1473"]

1. b3 e6 2. Bb2 b6 3. g3 Nc6 4. Bg2 a5 5. h3 Nf6 6. a3 Nd5 7. e3 g6 8. Bxh8 Ba6
9. Qf3 f5 10. Ne2 Bxe2 11. Qxe2 Bd6 12. Nc3 Nxc3 13. Bxc3 Qe7 14. h4 O-O-O 15.
b4 1-0

[Event "Challenge"]
[Site "http://www.queenalice.com/game.php?id=1536610"]
[Date "2018.7.28"]
[Round "-"]
[White "Mapelli"]
[Black "Candida80"]
[Result "1-0"]
[WhiteElo "1528"]
[BlackElo "1459"]

1. b3 e6 2. Bb2 b6 3. g3 Nc6 4. Bg2 a5 5. h3 Nf6 6. a3 Bd6 7. e3 g6 8. Qf3 Be7
9. Ne2 a4 10. bxa4 Rxa4 11. Nbc3 Ra5 12. g4 Ne5 13. Qf4 d6 14. Nd4 Nc4 15. Bc1
1-0

[Event "The Beautiful Game"]
[Site "http://www.queenalice.com/game.php?id=1540643"]
[Date "2018.8.30"]
[Round "-"]
[White "Candida80"]
[Black "Wigmont"]
[Result "0-1"]
[WhiteElo "1446"]
[BlackElo "1508"]

1. e3 d6 2. g3 e5 3. Bg2 Nf6 4. d3 Bg4 5. Bf3 h5 6. h3 Be6 7. Bxb7 Nbd7 8. Bxa8
Qxa8 9. Nf3 Be7 10. a3 c5 0-1